[Event "FRA Top 16 Lower Pool U16"]
[Site "France"]
[Date "2022.06.06"]
[Round "4.5"]
[White "Aboulasse, Saad"]
[Black "Rakotomamonjy, Alucard"]
[Result "1/2-1/2"]
[WhiteElo "1377"]
[BlackElo "1318"]
[PlyCount "92"]
[EventDate "2022.06.04"]
[EventType "tourn"]
[EventRounds "4"]
[EventCountry "FRA"]
[SourceTitle "EXT 2023"]
[Source "ChessBase"]
[SourceDate "2022.10.05"]
[SourceVersion "1"]
[SourceVersionDate "2022.10.05"]
[SourceQuality "1"]

1. d4 d5 2. c4 e6 3. Nf3 c6 4. cxd5 exd5 5. Bf4 Nf6 6. Nc3 Bf5 7. e3 Nbd7 8. Bd3 Bxd3 9. Qxd3 Be7 10. 0-0 0-0 11. Rfb1 a5 12. h3 Re8 13. a3 Bf8 14. Na2 c5 15. Qb5 b6 16. b4 c4 17. Nc3 axb4 18. axb4 Qc8 19. Ne5 Rd8 20. Nc6 Rxa1 21. Rxa1 Re8 22. Ra7 Re6 23. Ne5 Qb8 24. Qa4 Nxe5 25. dxe5 Ne4 26. Nxd5 c3 27. Qd7 Qe8 28. Qxe8 Rxe8 29. Rc7 Rd8 30. Nxc3 Nxc3 31. Rxc3 Bxb4 32. Rc1 h6 33. e4 g5 34. Be3 Ba5 35. Rc6 Rb8 36. Rxh6 b5 37. Ra6 Bc7 38. Bxg5 Bxe5 39. Ra3 b4 40. Rb3 Bd6 41. Bf6 Ra8 42. Bb2 Rc8 43. e5 Be7 44. h4 Rc2 45. Bd4 Rc4 46. Bb2 Bxh4 1/2-1/2